Statistiques concernant Pays sans réseau ferroviaire opérationnel

Cliquez ici pour prendre le quiz!

Statistiques générales

  • Ce quiz a été pris 83 fois
  • Le résultat moyen est 12 sur 26

Statistiques - réponses

#Pays% Correct
22Tonga
64%
25Vanuatu
63%
24Tuvalu
62%
12États Fédérés de Micronésie
59%
1Andorre
58%
18Saint Marin
58%
9Îles Marshall
55%
8Malte
55%
3Chypre
53%
16Qatar
50%
10Îles Salomon
47%
26Yémen
47%
2Bhoutan
45%
11Maurice
45%
14Oman
43%
5Islande
42%
17Rwanda
39%
21Timor Oriental
37%
23Trinité-et-Tobago
37%
6Koweït
36%
15Papouasie-Nouvelle-Guinée
36%
19Somalie
33%
13Niger
32%
20Suriname
29%
7Libye
24%
4Guinée-Bissau
21%

Distribution des résultats

Percentile par nombre de réponses

% des personnes avec chaque résultat

Votre développement - résultats

Vous n’avez pas pris ce quiz